Electricity and magnetism / (Record no. 3590)
[ view plain ]
| 000 -LEADER | |
|---|---|
| fixed length control field | 01150pam a2200301 a 4500 |
| 001 - CONTROL NUMBER | |
| control field | 2469794 |
| 003 - CONTROL NUMBER IDENTIFIER | |
| control field | OSt |
| 005 - DATE AND TIME OF LATEST TRANSACTION | |
| control field | 20160418155842.0 |
| 008 - FIXED-LENGTH DATA ELEMENTS--GENERAL INFORMATION | |
| fixed length control field | 901129s1991 enka b 001 0 eng |
| 010 ## - LIBRARY OF CONGRESS CONTROL NUMBER | |
| LC control number | 90026471 |
| 020 ## - INTERNATIONAL STANDARD BOOK NUMBER | |
| International Standard Book Number | 0521362296 (hardback) |
| 020 ## - INTERNATIONAL STANDARD BOOK NUMBER | |
| International Standard Book Number | 0521368030 (paperback) |
| 040 ## - CATALOGING SOURCE | |
| Original cataloging agency | DLC |
| Transcribing agency | DLC |
| Modifying agency | DLC |
| 050 00 - LIBRARY OF CONGRESS CALL NUMBER | |
| Classification number | QC760 |
| Item number | .C674 1991 |
| 082 00 - DEWEY DECIMAL CLASSIFICATION NUMBER | |
| Classification number | 537 |
| Edition number | 20 |
| Item number | COT 1991 |
| 100 1# - MAIN ENTRY--PERSONAL NAME | |
| Personal name | Cottingham, W. N. |
| 9 (RLIN) | 8016 |
| 245 10 - TITLE STATEMENT | |
| Title | Electricity and magnetism / |
| Statement of responsibility, etc. | W.N. Cottingham, D.A. Greenwood. |
| 260 ## - PUBLICATION, DISTRIBUTION, ETC. (IMPRINT) | |
| Place of publication, distribution, etc. | Cambridge ; |
| -- | New York : |
| Name of publisher, distributor, etc. | Cambridge University Press, |
| Date of publication, distribution, etc. | 1991. |
| 300 ## - PHYSICAL DESCRIPTION | |
| Extent | xvii, 197 p. : |
| Other physical details | ill. ; |
| Dimensions | 24 cm. |
| 504 ## - BIBLIOGRAPHY, ETC. NOTE | |
| Bibliography, etc | Includes bibliographical references (p. 176) and index. |
| 650 #0 - SUBJECT ADDED ENTRY--TOPICAL TERM | |
| Topical term or geographic name as entry element | Electromagnetism. |
| 9 (RLIN) | 3955 |
| 700 1# - ADDED ENTRY--PERSONAL NAME | |
| Personal name | Greenwood, D. A. |
| 9 (RLIN) | 8017 |
| 856 42 - ELECTRONIC LOCATION AND ACCESS | |
| Materials specified | Publisher description |
| Uniform Resource Identifier | http://www.loc.gov/catdir/description/cam024/90026471.html |
| 856 41 - ELECTRONIC LOCATION AND ACCESS | |
| Materials specified | Table of contents |
| Uniform Resource Identifier | http://www.loc.gov/catdir/toc/cam021/90026471.html |
| 906 ## - LOCAL DATA ELEMENT F, LDF (RLIN) | |
| a | 7 |
| b | cbc |
| c | orignew |
| d | 1 |
| e | ocip |
| f | 19 |
| g | y-gencatlg |
| 942 ## - ADDED ENTRY ELEMENTS (KOHA) | |
| Source of classification or shelving scheme | Dewey Decimal Classification |
| Koha item type | Short Loan |
| Withdrawn status | Lost status | Source of classification or shelving scheme | Damaged status | Not for loan | Home library | Current library | Date acquired | Inventory number | Total Checkouts | Full call number | Barcode | Date last seen | Price effective from | Koha item type | Source of acquisition |
|---|---|---|---|---|---|---|---|---|---|---|---|---|---|---|---|
| Dewey Decimal Classification | MUST Main Library | MUST Main Library | 18/04/2016 | 2001/15787 | 537 COT 1991 | 2016-0958 | 18/04/2016 | 18/04/2016 | Short Loan | ||||||
| Dewey Decimal Classification | MUST Main Library | MUST Main Library | 26/04/2016 | 2001/15786 | 537 COT 1991 | 2016-1439 | 26/04/2016 | 26/04/2016 | Short Loan | ||||||
| Dewey Decimal Classification | MUST Main Library | MUST Main Library | 25/10/2016 | 05/24699 | 537 COT 1991 | 2016-4889 | 25/10/2016 | 25/10/2016 | Open Shelf | ||||||
| Dewey Decimal Classification | MUST Main Library | MUST Main Library | 03/03/2020 | 2006/26864 | 537 COT 1991 | 2020-0644 | 03/03/2020 | 03/03/2020 | Open Shelf | Purchase | |||||
| Other/Generic Classification Scheme | MUST Main Library | MUST Main Library | 18/06/2024 | 06/26863 | 537 COT 1991 | 2024-20806 | 18/06/2024 | 18/06/2024 | Open Shelf | Purchase | |||||
| Other/Generic Classification Scheme | MUST Main Library | MUST Main Library | 18/06/2024 | 05/24701 | 537 COT 1991 | 2024-20807 | 18/06/2024 | 18/06/2024 | Open Shelf | Purchase | |||||
| Dewey Decimal Classification | MUST Main Library | MUST Main Library | 18/06/2024 | 05/24700 | 537 COT 1991 | 2024-20809 | 18/06/2024 | 18/06/2024 | Open Shelf | Purchase | |||||
| Dewey Decimal Classification | MUST Main Library | MUST Main Library | 19/06/2024 | 06/28190 | 537 COT 1991 | 2024-20918 | 19/06/2024 | 19/06/2024 | Open Shelf | Purchase |
